Wisconsin Dells Mt. Olympus Go-Kart Loudspeaker Rules Lyrics Quiz - Statistics

General Stats
  • This quiz has been taken 13 times
    10 since last reset
  • The average score is 67 of 125
Answer Stats
Answer % Correct
a
100%
an
88%
and
88%
in
88%
safe,
88%
We
88%
you
88%
as
75%
be
75%
Dells
75%
is
75%
Mount
75%
Olympus.
75%
please
75%
to
75%
Wisconsin
75%
Wisconsin,
75%
your
75%
brake.
63%
destination.
63%
drive
63%
few
63%
for
63%
gas
63%
have
63%
If
63%
left
63%
like
63%
of
63%
pedal
63%
ride
63%
ride,
63%
right
63%
rules
63%
stay
63%
thank
63%
The
63%
the
63%
vacation
63%
will
63%
are
50%
at
50%
bump,
50%
bumping.
50%
choosing
50%
do
50%
here
50%
keep
50%
lose
50%
no
50%
riding
50%
there
50%
there,
50%
out
38%
privileges.
38%
seat
38%
so
38%
state
38%
that
38%
time
38%
until
38%
When
38%
again
25%
attendant
25%
before
25%
careful
25%
come
25%
just
25%
listening!
25%
mind
25%
Remember,
25%
tells
25%
Thanks
25%
today.
25%
We'd
25%
after
13%
any
13%
area
13%
begin
13%
cause
13%
fabulous
13%
folks,
13%
get
13%
injuries
13%
into
13%
liable
13%
may
13%
Now
13%
or
13%
others,
13%
pit
13%
simple
13%
slowly,
13%
up.
13%
yourself,
13%
No matching quizzes found
Score Distribution
Percent of People with Each Score
Percentile by Number Answered
Your Score History
You have not taken this quiz since the last reset